000 00620nam a2200217Ia 4500
008 180523s9999 xx 000 0 und d
020 _a81-261-1778-8
050 _aMAIN HF 1106
050 _b.K86 2004 c.2
100 _aKumar, Mahesh.
245 0 _aModern teaching of commerce :
245 0 _b[strictly according to the UGC syllabus for B.Ed. Course] /
245 0 _cMahesh Kumar.
260 _aNew Delhi :
260 _bAnmol Publications,
260 _c2004
300 _a325 pages :
300 _c22 cm.
650 _aCommerce -- Study and teaching (Higher) -- India.
650 _xBusiness education.
999 _c356996
_d356996